Biggest Countries Without an 'R' by Population - Statistics

General Stats
  • This quiz has been taken 82 times
    61 since last reset
  • The average score is 17 of 20
Answer Stats
Population Country % Correct
1,382 mill China
100%
1,314 mill India
100%
65 mill United Kingdom
96%
263 mill Indonesia
94%
126 mill Japan
92%
122 mill Mexico
90%
196 mill Pakistan
90%
162 mill Bangladesh
88%
46 mill Spain
88%
324 mill United States
86%
104 mill Ethiopia
84%
92.8 mill Egypt
82%
68 mill Thailand
82%
49 mill Colombia
78%
60 mill Italy
76%
92.7 mill Vietnam
76%
103 mill Philippines
75%
56 mill Tanzania
63%
42 mill Sudan
61%
48 mill Kenya
57%
No matching quizzes found
Score Distribution
Percent of People with Each Score
Percentile by Number Answered
Your Score History
You have not taken this quiz since the last reset